The art of understanding your mate. (Record no. 14653)

000 -LEADER
fixed length control field 00650nam a2200193 a 4500
001 - CONTROL NUMBER
control field :::00012486$&:&@@
003 - CONTROL NUMBER IDENTIFIER
control field OkBaRHE
005 - DATE AND TIME OF LATEST TRANSACTION
control field 20000607103419.0
008 - FIXED-LENGTH DATA ELEMENTS--GENERAL INFORMATION
fixed length control field s1970 j 000 0 eng u
040 ## - CATALOGING SOURCE
Transcribing agency
100 1# - MAIN ENTRY--PERSONAL NAME
Personal name Osborne, Cecil G.
245 14 - TITLE STATEMENT
Title The art of understanding your mate.
260 ## - PUBLICATION, DISTRIBUTION, ETC. (IMPRINT)
Place of publication, distribution, etc Grand Rapids, MI., :
Name of publisher, distributor, etc Zondervan Publishing House
Date of publication, distribution, etc 1970
300 ## - PHYSICAL DESCRIPTION
Extent 192 p. ;
Dimensions 23 cm.
650 ## - SUBJECT ADDED ENTRY--TOPICAL TERM
Topical term or geographic name as entry element Marriage
942 ## - ADDED ENTRY ELEMENTS (KOHA)
Source of classification or shelving scheme
Koha item type Books
Copies
Full call number Barcode Date last seen Lost status Not for loan Koha item type Withdrawn status Copy number Source of classification or shelving scheme Date acquired Shelving location Damaged status Price effective from Permanent Location
HQ 734 .O72124862010-04-14  Books 1 2010-04-14General Stacks 2010-04-14RHEMA Bible Training College
HQ 734 .O72153952010-04-14  Books 2 2010-04-14General Stacks 2010-04-14RHEMA Bible Training College